Životní prostředí očima právnika

Gespeichert in:
Bibliographische Detailangaben
Format: Buch
Sprache:Tschechisch
Veröffentlicht: Brno Universita J.E. Purkyně 1981
Schriftenreihe:Spisy právnické fakulty č. 38
Tags: Tag hinzufügen
Keine Tags, Fügen Sie das erste Tag hinzu!

MARC

LEADER 00000nam a2200000 4500
001 c126219
005 20250827082534.1
041 0 |a cze 
044 |a CZ 
245 1 0 |a Životní prostředí očima právnika  |c Boleslav Pospíšil 
264 1 |a Brno  |b Universita J.E. Purkyně  |c 1981 
300 |a 293 s. 
490 1 |a Spisy právnické fakulty  |v č. 38 
830 0 |a Spisy právnické fakulty  |v č. 38